| 000 | 00905nam a22003137a 4500 | ||
|---|---|---|---|
| 001 | 200463173 | ||
| 003 | TR-AnTOB | ||
| 005 | 20241223162310.0 | ||
| 008 | 241211b tu ||||| |||| 00| 0 tur d | ||
| 020 | _a9786052275306 | ||
| 040 |
_aTR-AnTOB _beng _erda _cTR-AnTOB |
||
| 041 | _atur | ||
| 092 |
_a808.068 _bALE 2021 |
||
| 100 | 1 |
_aAle’ale _9147514 |
|
| 245 |
_aPi ve Fi nerede?/ _c Ale’ale ; translator; Yasemin Altan. |
||
| 250 | _a1.bs. | ||
| 264 |
_a Ankara : _bNobel Çocuk ; _c2021. |
||
| 300 |
_a31 Pages : _bill. ; _c28 cm. |
||
| 336 |
_atext _btxt _2rdacontent |
||
| 337 |
_aunmediated _bn _2rdamedia |
||
| 338 |
_avolume _bnc _2rdacarrier |
||
| 490 |
_aNobel Çocuk : _v44. |
||
| 500 | _aÖzgün eser adı: Dove sono pi e fi? | ||
| 653 | _aÇocuk edebiyatı | ||
| 700 | 1 |
_aAltan, Yasemin _9147515 |
|
| 942 |
_2ddc _cBK |
||
| 999 |
_c200463173 _d81385 |
||